Pokémon (Gen VI) - Statistics

General Stats
  • This quiz has been taken 30 times
  • The average score is 44 of 72
Answer Stats
Dex Pokemon % Correct
656 Froakie
94%
658 Greninja
94%
650 Chespin
89%
655 Delphox
89%
653 Fennekin
89%
657 Frogadier
89%
652 Chesnaught
83%
716 Xerneas
83%
717 Yveltal
83%
654 Braixen
78%
651 Quilladin
78%
718 Zygarde
78%
681 Aegislash
72%
719 Diancie
72%
680 Doublade
72%
662 Fletchinder
72%
661 Fletchling
72%
663 Talonflame
72%
721 Volcanion
72%
659 Bunnelby
67%
660 Diggersby
67%
714 Noibat
67%
699 Aurorus
61%
713 Avalugg
61%
712 Bergmite
61%
673 Gogoat
61%
706 Goodra
61%
704 Goomy
61%
701 Hawlucha
61%
679 Honedge
61%
720 Hoopa
61%
715 Noivern
61%
672 Skiddo
61%
705 Sliggoo
61%
665 Spewpa
61%
700 Sylveon
61%
697 Tyrantrum
61%
696 Tyrunt
61%
666 Vivillon
61%
698 Amaura
56%
677 Espurr
56%
694 Helioptile
56%
686 Inkay
56%
667 Litleo
56%
687 Malamar
56%
678 Meowstic
56%
674 Pancham
56%
675 Pangoro
56%
668 Pyroar
56%
664 Scatterbug
56%
683 Aromatisse
50%
703 Carbink
50%
692 Clauncher
50%
693 Clawitzer
50%
702 Dedenne
50%
670 Floette
50%
671 Florges
50%
711 Gourgeist
50%
695 Heliolisk
50%
710 Pumpkaboo
50%
682 Spritzee
50%
684 Swirlix
50%
689 Barbaracle
44%
688 Binacle
44%
691 Dragalge
44%
669 Flabébé
44%
676 Furfrou
44%
707 Klefki
44%
708 Phantump
44%
690 Skrelp
44%
685 Slurpuff
44%
709 Trevenant
44%
No matching quizzes found
Score Distribution
Percent of People with Each Score
Percentile by Number Answered
Your Score History
You have not taken this quiz